000 00746nam a2200205Ia 4500
003 GCL
008 140319s9999 xx 000 0 ara d
040 _aGCL /
_cGCL
082 0 4 _aد
_b658
_bب ا
100 1 _aبارتلت، كريستوفر أ.
245 1 0 _aالادارة عبر الحدود, الحلول بين القطرية /
_cبارتلت، كريستوفر أ.
700 1 _aجوشال، سومنترا
700 1 _aسعاد الطنبولى
260 _a[S.N] :
_bالجمعية المصرية لنشر المعرفة والثقافةوالعلوم ،
_c1994
300 _a360 ص
490 _aشكاوى المصرى الفصيح
_v0
650 0 4 _aادارة الاعمال
650 0 4 _aالادارة
942 _2ddc
_cCF
999 _c27028
_d27028